| 000 | 00612nam a2200217Ii 4500 | ||
|---|---|---|---|
| 003 | JO-AjNU | ||
| 008 | 230606s9999||||xx |||||||||||||| ||und|| | ||
| 020 | _a0-256-02588-6 | ||
| 040 |
_aJO-AjNU _beng _erda _cJO-AjNU |
||
| 041 | _aeng | ||
| 050 | 1 | 4 | _aHF5625.H45 1982 |
| 100 | 3 |
_aHendriksen,Elodon S, _eauthor _93088 |
|
| 245 | 0 | 0 | _aAccounting Theory |
| 250 | _a4 ed | ||
| 264 | 3 | 1 | _aHomewood: Richard D.Irwin,1982 |
| 300 |
_a589p _bIncludes indexes 576-589 p |
||
| 336 |
_atext _btxt _2rdacontent |
||
| 337 |
_aunmediated _bn _2rdamedia |
||
| 338 |
_avolume _bnc _2rdacarrier |
||
| 650 | 4 |
_aAccounting _93089 |
|
| 999 |
_aE1619 _c1619 _d1619 |
||